| 000 | 00464 a2200145 4500 | ||
|---|---|---|---|
| 005 | 20250429150305.0 | ||
| 020 | _a1-55570-521-9 | ||
| 082 | _aLECT 025.344 MIT | ||
| 100 | _aMITCHELL, A. M. | ||
| 245 | _aCataloging and Organizing Digital Resources: A How To Do It Manual For Librarians | ||
| 260 |
_aNew York, _bNeal-Schuman Publishing, _c2005. |
||
| 300 |
_axv,219p,: ill.; figure, table. _bIndex, References. _c27cm. |
||
| 700 | _aSURRATT, B. E. | ||
| 942 |
_2ddc _cBKS |
||
| 999 |
_c1781 _d1781 |
||